00681pam a2200229 a 4500001000800000005001700008008004100025010001700066020001500083040001800098041000800116080001500124082001900139100000700158101000800165245003800173504005200211906004500263942001200308999001700320952011400337397865920171227034622.0950410s1996 njua b 001 0 eng  a 95016730  a0023408146 aDLCcDLCdDLC aeng a370.78 GAY00a370.78 GAY2201 a46 aEDU10aEducational research :cL.R. Gay. aIncludes bibliogaphical references and indexes. a7bcbccorignewd1eocipf19gy-gencatlg 2ddccBK c39443d39443 00102udc40708PËKGa002b002cPËKGd2017-12-27l0o370.78 GAYp002-2939688r2017-12-27w2017-12-27yBK